Educación para los derechos humanos: los derechos humanos como educación valoral

Uloženo v:
Podrobná bibliografie
Hlavní autor: Barba, José Bonifacio (Autor)
Médium: Kniha
Jazyk:španělština
Vydáno: Ciudad de México Fondo de Cultura Económica 1997
Edice:Sección de Obras de Educación y Pedagogía
Témata:
Tagy: Přidat tag
Žádné tagy, Buďte první, kdo vytvoří štítek k tomuto záznamu!

MARC

LEADER 00000nam a2200000 a 4500
001 UCL3665
003 CL-VaPUC
008 031205e19970000MX |||||||||||||||||spa|d
020 |a 9681650662 
082 0 4 |a 370.115  |b BAR  |2 21 
100 0 |a Barba, José Bonifacio  |e author  |9 481020 
245 1 0 |a Educación para los derechos humanos: los derechos humanos como educación valoral 
300 |a 256 p 
942 |c BK 
945 |d 20031205 00:00:00  |a cmena 
260 |a Ciudad de México  |b Fondo de Cultura Económica  |c 1997 
650 0 |a Educación moral  |9 308319 
650 0 |a Derechos humanos  |9 223025 
650 0 |a Virtud y vicio  |9 310637 
650 0 |a Métodos de enseñanza  |9 270413 
583 |a last modification  |c 20031205 00:00:00  |k Rodrigo Vera 
490 0 |a Sección de Obras de Educación y Pedagogía 
999 |c 306678  |d 306676 
952 |0 0  |1 0  |4 0  |6 370_115000000000000_BAR_1997  |7 0  |8 A  |9 371861  |a BIBEDU  |b BIBEDU  |d 2019-11-21  |i 3970779  |l 3  |o 370.115 BAR 1997  |p 3970779  |r 2022-05-19  |s 2022-05-18  |w 2019-11-21  |y BK  |k EBA